Stratégia rýchleho občerstvenia na finančnícky spôsob ak sprostredkovateľa multilevel nebaví, má ešte ďalšie možnosti

Získavanie možností sprostredkovať produkty banky ako súčasť partnerstva medzi firmou a sprostredkovateľom. Franchising a finančné poradenstvo. Modely podnikania a odmeňovanie.

Na minha lista:
Detalhes bibliográficos
Autor principal: Škriniar, Pavel, 1979-
Formato: Capítulo de Livro
Idioma:eslovaco
Assuntos:
Tags: Adicionar Tag
Sem tags, seja o primeiro a adicionar uma tag!

MARC

LEADER 00000naa a2200000 4500
001 0125093
005 20240502072425.5
041 0 |a slo 
044 |a SK 
245 1 0 |a Stratégia rýchleho občerstvenia na finančnícky spôsob  |b ak sprostredkovateľa multilevel nebaví, má ešte ďalšie možnosti  |c Pavel Škriniar 
520 |a Získavanie možností sprostredkovať produkty banky ako súčasť partnerstva medzi firmou a sprostredkovateľom. Franchising a finančné poradenstvo. Modely podnikania a odmeňovanie. 
610 2 0 |a poradenstvo finančné 
610 2 0 |a poradenstvo investičné 
610 2 0 |a starostlivosť poradenská 
610 2 0 |a sprostredkovatelia 
610 2 0 |a služby podnikateľské 
610 2 0 |a technika obchodná 
610 2 0 |a franšíza 
610 2 0 |a franchising 
100 1 |a Škriniar, Pavel, 1979-